Карта Азии (Запись № 12755963)

Подробности
000 -МАРКЕР
контрольное поле 01321nem0a2200277 4500
001 - ИДЕНТИФИКАТОР ЗАПИСИ
контрольное поле RU\NLR\BIBL_A\016227124
005 - ИДЕНТИФИКАТОР ВЕРСИИ
контрольное поле 20250625002003.0
035 ## - ДРУГИЕ СИСТЕМНЫЕ НОМЕРА
Идентификатор записи (NLR Aleph) 016227124
100 ## - ДАННЫЕ ОБЩЕЙ ОБРАБОТКИ
Данные общей обработки 20221202d1817 |||y0rusy50 ca
101 0# - ЯЗЫК РЕСУРСА
Язык текста, звукозаписи и т.д. русский
102 ## - СТРАНА ПУБЛИКАЦИИ ИЛИ ПРОИЗВОДСТВА
Страна публикации российская федерация
120 ## - ПОЛЕ КОДИРОВАННЫХ ДАННЫХ: КАРТОГРАФИЧЕСКИЕ МАТЕРИАЛЫ - ОБЩИЕ ХАРАКТЕРИСТИКИ
Кодированные данные о картографическом материале (общие) byy xx||
123 1# - ПОЛЕ КОДИРОВАННЫХ ДАННЫХ: КАРТОГРАФИЧЕСКИЕ МАТЕРИАЛЫ - МАСШТАБ И КООРДИНАТЫ
Тип масштаба а
Постоянное отношение линейного горизонтального масштаба 25200000
200 1# - ЗАГЛАВИЕ И СВЕДЕНИЯ ОБ ОТВЕТСТВЕННОСТИ
Основное заглавие Карта Азии
Общее обозначение материала Карты
Сведения, относящиеся к заглавию с показанием новейших открытий российскими мореплавателями
Первые сведения об ответственности издана и гравирована Ал. Савинковым
206 ## - ОБЛАСТЬ СПЕЦИФИЧЕСКИХ СВЕДЕНИЙ: КАРТОГРАФИЧЕСКИЕ МАТЕРИАЛЫ - МАТЕМАТИЧЕСКИЕ ДАННЫЕ
Сведения о математических данных [ок. 1:25 200 000, ок. 600 верст в дюйме (252 км в 1 см), граф. м-бы в верстах, во фр. милях]
210 ## - ПУБЛИКАЦИЯ, РАСПРОСТРАНЕНИЕ И ДР.
Место издания, распространения и т.д. [Санкт-Петербург]
Дата издания, распространения и т.д. 1817
215 ## - ФИЗИЧЕСКАЯ ХАРАКТЕРИСТИКА
Специфическое обозначение материала и объем 1 к
Другие сведения о физической характеристике грав., раскраш. границы
Размеры 65х82 (68х87) см
509 01 - ЗАГОЛОВОК -СТРУКТУРИРОВАННОЕ ГЕОГРАФИЧЕСКОЕ ИЛИ ТЕМАТИЧЕСКОЕ НАИМЕНОВАНИЕ
Графика поля Кириллица
Географическое / тематическое наименование – начальный элемент ввода Азия
Системный номер авторитетной/нормативной записи 2634121
Идентификатор авторитетной / нормативной записи RU\NLR\auth_crt\55949
607 ## - ГЕОГРАФИЧЕСКОЕ НАИМЕНОВАНИЕ КАК ПРЕДМЕТ
Географическое наименование Азия
Формальный подзаголовок Карты
Системный номер авторитетной/нормативной записи 951064
Идентификатор авторитетной/нормативной записи RU\NLR\AUTH\6634774
608 ## - ФОРМА, ЖАНР, ФИЗИЧЕСКИЕ ХАРАКТЕРИСТИКИ ДОКУМЕНТА КАК ТОЧКА ДОСТУПА
Начальный элемент ввода Политико-административные карты
Системный номер авторитетной/нормативной записи 1527243
Идентификатор авторитетной/нормативной записи RU\NLR\AUTH\66966105
702 #1 - ИМЯ ЛИЦА - ВТОРИЧНАЯ ОТВЕТСТВЕННОСТЬ
Код отношения Гравер, Наборщик нот
Графика поля Кириллица
Материалы, к которым относится поле rus
Начальный элемент ввода Савинков
Часть имени, кроме начального элемента ввода А. Д.
Даты 1769-1859
Расширение инициалов личного имени Александр Дмитриевич
Системный номер авторитетной/нормативной записи 168439
Идентификатор авторитетной/нормативной записи RU\NLR\AUTH\770168487
852 ## - МЕСТОНАХОЖДЕНИЕ И ШИФР ХРАНЕНИЯ
Идентификатор организации NLR
Наименование фонда или коллекции (Sub-Location Identifier) К
Шифр хранения (Call Number) 2-Аз 3/17
Идентификатор единицы 18959
942 ## - ДОПОЛНИТЕЛЬНЫЕ ЭЛЕМЕНТЫ ЗАПИСИ (АБИС)
Тип экземпляра АБИС Карта
980 ## - КОЛЛЕКЦИЯ
Название коллекции Национальная библиография

Нет доступных экземпляров.